Größte Seen Bayerns - Statistiken

Allgemein
  • Dieses Quiz wurde 183 mal gespielt
  • Das Durchschnittsergebnis liegt bei 8 aus 23
Antwortstatistiken
# Antwort Regierungsbezirk Fläche in ha % Korrekt
2 Chiemsee Oberbayern 79,9
97%
1 Bodensee Schwaben 536
93%
3 Starnberger See Oberbayern 56,36
87%
4 Ammersee Oberbayern 46,6
73%
7 Tegernsee Oberbayern 8,9
64%
14 Königssee Oberbayern 5,22
45%
5 Walchensee Oberbayern 16,27
44%
12 Kochelsee Oberbayern 5,59
38%
23 Schliersee Oberbayern 2,22
36%
6 Forggensee Schwaben 15,2
31%
8 Großer Brombachsee Mittelfranken 8,7
29%
19 Kleiner Brombachsee Mittelfranken 2,5
29%
9 Staffelsee Oberbayern 7,66
24%
16 Wörthsee Oberbayern 4,34
20%
15 Altmühlsee Mittelfranken 4,5
19%
10 Waginger See Oberbayern 6,61
17%
20 Großer Alpsee Schwaben 2,47
16%
11 Simssee Oberbayern 6,49
13%
13 Ismaninger Speichersee Oberbayern 5,8
7%
17 Sylvensteinsee Oberbayern 3,92
7%
18 Rottachsee Schwaben 2,82
5%
21 Tachinger See Oberbayern 2,36
5%
22 Bannwaldsee Schwaben 2,28
2%
Keine übereinstimmenden Quizze gefunden
Verteilung der Resultate
Anzahl Personen mit jedem Resultat
Perzentil nach korrekt beantworteten Fragen
Ihre Resultats-Entwicklung
Sie haben dieses Quiz noch nicht gespielt